000 00296nam a22001217a 4500
008 230704b xxu||||| |||| 00| 0 eng d
020 _a1855213818
082 _a342/.08
_bMIC 1994
245 _aPrivacy and Human Rights
260 _bUNESCO Publishing
_c1994
300 _aIX,194p
942 _2ddc
_cBK
999 _c3622
_d3622